000 00737nam a2200169Ia 4500
008 090711s9999 xx 000 0 und d
082 _b69909
100 _aपुराणिक प्र. द.
245 _aदोन शिक्षकी शाळा रSाना व कार्यपध्दती
260 _bउन्मेष प्रकाशन
_c1992
300 _a112
600 _aपुराणिक प्र. द.
630 _aदोन शिक्षकी शाळा रSाना व कार्यपध्दती
700 _aपुराणिक प्र. द.
730 _aदोन शिक्षकी शाळा रSाना व कार्यपध्दती
942 _cBOOK
999 _c328297
_d328297